| 000 | 00577nam a22001937a 4500 | ||
|---|---|---|---|
| 999 |
_c25504 _d25504 |
||
| 003 | BDDh-ASL | ||
| 005 | 20231015030507.0 | ||
| 008 | 210812s2009 bg ||||| |||| 001 0 eng d | ||
| 040 | _cBDDh-ASL | ||
| 082 |
_a363.5492 _bNAT |
||
| 245 | 0 | 0 | _aNational Security Bangladesh 2008 / |
| 260 |
_aDhaka: _bUPL, _c2009. |
||
| 300 |
_a325 p. : _c23 cm. |
||
| 504 | _aInclude Bibliographical References and Index | ||
| 650 | 0 |
_94230 _aSecurity _zBangladesh |
|
| 650 | 0 |
_94231 _aNational Security _xDefence _zBangladesh |
|
| 700 | 1 |
_94229 _aIslam, Sheikh Md. Monirul |
|
| 942 |
_2ddc _cBK |
||